Plano de la Ciudad de Oaxaca (Record no. 4179)

MARC details
000 -CABECERA
campo de control de longitud fija 00840nam a2200241 a 4500
001 - NÚMERO DE CONTROL
campo de control BRCA_4473
005 - FECHA Y HORA DE LA ÚLTIMA TRANSACCIÓN
campo de control 20190320204701.0
008 - DATOS DE LONGITUD FIJA--INFORMACIÓN GENERAL
campo de control de longitud fija 080910s1933----mx-b######---#000-0#spa-#
041 ## - CÓDIGO DE LENGUA
Código de lengua del texto/banda sonora o título independiente spa
044 ## - CÓDIGO DEL PAÍS DE LA ENTIDAD EDITORA/PRODUCTORA
Código MARC del país mx
050 #4 - SIGNATURA TOPOGRÁFICA DE LA BIBLIOTECA DEL CONGRESO
Número de clasificación G1549.02
Número de documento/Ítem .P53 1933
245 10 - MENCIÓN DE TÍTULO
Título Plano de la Ciudad de Oaxaca
Medio material cartográfico
Resto del título 1933
Mención de responsabilidad, etc. Enrique A. Cervantes.
260 ## - PUBLICACIÓN, DISTRIBUCIÓN, ETC.
Lugar de publicación, distribución, etc. México
Nombre del editor, distribuidor, etc. [Enrique A. Cervantes]
Fecha de publicación, distribución, etc. 1933
300 ## - DESCRIPCIÓN FÍSICA
Extensión 1 mapa sobre un pliego
Otras características físicas il. a color
Dimensiones 41 x 49 cm., pleg. 14 x 17 cm.
500 ## - NOTA GENERAL
Nota general Escala: 1:10000; (N 17º 04´43´ y O 96º 43´18´)
500 ## - NOTA GENERAL
Nota general Compilado y arreglado por el Ingeniero Enrique A. Cervantes
500 ## - NOTA GENERAL
Nota general Mapa inventariado por Banco de México como libro
500 ## - NOTA GENERAL
Nota general CC3
650 14 - PUNTO DE ACCESO ADICIONAL DE MATERIA--TÉRMINO DE MATERIA
Término de materia o nombre geográfico como elemento de entrada Mapas
Subdivisión cronológica 1933
Subdivisión geográfica Oaxaca
9 (RLIN) 11338
700 1# - PUNTO DE ACCESO ADICIONAL--NOMBRE DE PERSONA
Nombre de persona Cervantes, Enrique A.
Término indicativo de función/relación compilador
9 (RLIN) 383
902 ## - CATALOGADOR
Iniciales GFM
942 ## - ELEMENTOS DE PUNTO DE ACCESO ADICIONAL (KOHA)
Fuente del sistema de clasificación o colocación Library of Congress Classification
Tipo de ítem Koha Libros
Holdings
Estado de retiro Estado de pérdida Estado dañado No para préstamo Localización permanente Ubicación/localización actual Fecha de adquisición Número de inventario Total de préstamos Signatura topográfica completa Código de barras Fecha visto por última vez Precio válido a partir de Tipo de ítem Koha
El ejemplar forma parte de la colección y puede ser consultado según las políticas vigentes.       Biblioteca del Museo Franz Mayer (Rogerio Casas-Alatriste) Biblioteca del Museo Franz Mayer (Rogerio Casas-Alatriste) 08/09/2010 CC3   G1549.02 .P53 1933 (CC3) 4470 22/03/2019 22/03/2019 Libros